Kliknij państwa Ameryki Północnej na mapie - Statystyki

Ogólne statystyki
  • Ten quiz został rozwiązany 374 razy
  • Średni wynik to 15 z 23
Odpowiedzi na mapie
Odpowiedzi zakodowano w zielono-czerwonej skali na mapie do tego quizu, zgodnie z poniższymi procentami.
 
Statystyki odpowiedzi
Odpowiedź % Poprawnych
USA
91%
Kanada
90%
Meksyk
88%
Kuba
77%
Bahamy
75%
Panama
75%
Dominikana
72%
Belize
68%
Haiti
68%
Trynidad i Tobago
68%
Honduras
67%
Jamajka
67%
Kostaryka
67%
Nikaragua
65%
Gwatemala
62%
Salwador
55%
Barbados
51%
Antigua i Barbuda
50%
Saint Kitts i Nevis
50%
Grenada
48%
Saint Lucia
48%
Saint Vincent i Grenadyny
47%
Dominika
41%
Nie znaleziono quizów pasujących do podanych kryteriów
Rozkład punktacji
Procent ludzi z każdym wynikiem
Percentyl według liczby udzielonych odpowiedzi
Twoja historia wyników
Nie rozwiązałeś tego quizu